| 000 | 00490nam a2200097Ia 4500 | ||
|---|---|---|---|
| 008 | 170517s9999 xx 000 0 und d | ||
| 245 | 4 | _aThe Drunkest Place on Earth | |
| 300 | _aUganda is the alcoholism capital of Africa. One favorite type of booze the locals make is called waragi. Vice team is going to go make some, drink some, and hopefully not go blind. In 2004, the World Health Organization... | ||
| 650 | _xTechnology. | ||
| 856 | _uhttp://topdocumentaryfilms.com/drunkest-place-earth/ | ||
| 999 |
_c335106 _d335106 |
||